[Event "Mittelfranken Landesliga Nord 2223"]
[Site "Mittelfranken"]
[Date "2023.03.05"]
[Round "7.8"]
[White "Paar, Johannes"]
[Black "Seidl, Juergen"]
[Result "1-0"]
[WhiteElo "1974"]
[BlackElo "1990"]
[PlyCount "123"]
[EventDate "2022.10.09"]
[EventType "team-tourn"]
[EventRounds "9"]
[EventCountry "GER"]
[SourceTitle "EXT 2024"]
[Source "ChessBase"]
[SourceDate "2023.10.10"]
[SourceVersion "1"]
[SourceVersionDate "2023.10.10"]
[SourceQuality "1"]
[WhiteTeam "Schwandorf"]
[BlackTeam "Kareth Lappersdorf"]
[WhiteTeamCountry "GER"]
[BlackTeamCountry "GER"]

1. d4 d6 2. c4 e5 3. Nc3 exd4 4. Qxd4 Nf6 5. Nf3 Nc6 6. Qd3 Nb4 7. Qd1 c6 8. a3 Na6 9. g3 Be7 10. Bg2 0-0 11. 0-0 Nc7 12. Qc2 Be6 13. b3 Qc8 14. Ng5 Bg4 15. h3 Bd7 16. Kh2 h6 17. Nf3 d5 18. cxd5 Ncxd5 19. Bb2 Nc7 20. Rac1 Na6 21. b4 Nc7 22. Nd4 Re8 23. Na4 Na6 24. Rfe1 Be6 25. Qb1 Qb8 26. Nxe6 fxe6 27. Qg6 Rf8 28. f4 Qe8 29. Qb1 Rd8 30. Red1 Rxd1 31. Rxd1 Qh5 32. Bf3 Qb5 33. Nc3 Qb6 34. Kg2 Nd5 35. Nxd5 exd5 36. Bd4 c5 37. Bxd5+ Kh8 38. bxc5 Bxc5 39. Qxb6 axb6 40. Bxb7 Bxd4 41. Rxd4 Nc5 42. Bc6 Rc8 43. Bb5 Ra8 44. a4 Kg8 45. Rd6 Nxa4 46. Bxa4 Rxa4 47. Rxb6 Ra3 48. Rb7 Re3 49. Kf2 Ra3 50. h4 Kf8 51. h5 Rc3 52. e3 Rc2+ 53. Kf3 Rc3 54. g4 Ra3 55. Rb4 Kf7 56. Ke4 Rc3 57. Rd4 Ra3 58. Rd3 Ra4+ 59. Ke5 Ra5+ 60. Rd5 Ra7 61. Kf5 Rb7 62. e4 1-0

[Event "Mittelfranken Landesliga Nord 2223"]
[Site "Mittelfranken"]
[Date "2023.01.15"]
[Round "5.7"]
[White "Najjar, Johannes"]
[Black "Paar, Johannes"]
[Result "1-0"]
[WhiteElo "1982"]
[BlackElo "1974"]
[PlyCount "75"]
[EventDate "2022.10.09"]
[EventType "team-tourn"]
[EventRounds "9"]
[EventCountry "GER"]
[SourceTitle "EXT 2024"]
[Source "ChessBase"]
[SourceDate "2023.10.10"]
[SourceVersion "1"]
[SourceVersionDate "2023.10.10"]
[SourceQuality "1"]
[WhiteTeam "Kelheim"]
[BlackTeam "Schwandorf"]
[WhiteTeamCountry "GER"]
[BlackTeamCountry "GER"]

1. c4 Nf6 2. Nc3 e5 3. g3 Bb4 4. Bg2 0-0 5. e4 d6 6. Nge2 a5 7. 0-0 Be6 8. d3 Qd7 9. Nd5 Nxd5 10. cxd5 Bh3 11. d4 Bxg2 12. Kxg2 a4 13. Be3 a3 14. b3 Qb5 15. Rc1 Na6 16. f4 f6 17. dxe5 fxe5 18. f5 Rf7 19. Ng1 Bc5 20. Qd2 Bxe3 21. Qxe3 Nb4 22. Qd2 Na6 23. Nf3 Nc5 24. Ng5 Rff8 25. Ne6 Nxe4 26. Qe3 Qxd5 27. Nxc7 Qd2+ 28. Qxd2 Nxd2 29. Rfd1 Ne4 30. Nxa8 Rxa8 31. Rc4 Nc5 32. b4 b5 33. Rcc1 Ne4 34. Kf3 Ng5+ 35. Ke3 Nf7 36. Rd3 Kf8 37. Rdc3 Ke7 38. Rc8 1-0

[Event "Mittelfranken Landesliga Nord 2122"]
[Site "Mittelfranken"]
[Date "2022.03.13"]
[Round "6.8"]
[White "Paar, Johannes"]
[Black "Beetz, Maximilian"]
[Result "0-1"]
[WhiteElo "1921"]
[BlackElo "2024"]
[PlyCount "72"]
[EventDate "2021.10.24"]
[EventType "team-tourn"]
[EventRounds "9"]
[EventCountry "GER"]
[SourceTitle "EXT 2024"]
[Source "ChessBase"]
[SourceDate "2023.10.10"]
[SourceVersion "1"]
[SourceVersionDate "2023.10.10"]
[SourceQuality "1"]
[WhiteTeam "Schwandorf"]
[BlackTeam "Herzogenaurach"]
[WhiteTeamCountry "GER"]
[BlackTeamCountry "GER"]

1. d4 e6 2. c4 Nf6 3. Nf3 b6 4. g3 Ba6 5. Qc2 Bb4+ 6. Bd2 Be7 7. Bg2 0-0 8. 0-0 c6 9. Re1 d5 10. b3 Nbd7 11. Bf4 c5 12. cxd5 Nxd5 13. Nbd2 Rc8 14. Qb2 Nxf4 15. gxf4 Qc7 16. e3 cxd4 17. Nxd4 Nc5 18. Red1 e5 19. fxe5 Nd3 20. Qb1 Nxe5 21. Qf5 Ba3 22. Be4 Ng6 23. h4 Rfe8 24. N2f3 Qe7 25. Bc6 Red8 26. h5 Nf8 27. Qg4 Bb2 28. Rab1 Bxd4 29. Nxd4 Rxd4 30. Rxd4 Rxc6 31. Rbd1 Rc5 32. Re4 Qf6 33. f4 Rc2 34. Re1 Qc6 35. h6 Qxh6 36. Qg3 Bb7 0-1

[Event "Mittelfranken Landesliga Nord 2122"]
[Site "Mittelfranken"]
[Date "2021.11.14"]
[Round "2.7"]
[White "Paar, Johannes"]
[Black "Ulusoy, Tolga"]
[Result "0-1"]
[WhiteElo "1921"]
[BlackElo "2022"]
[PlyCount "122"]
[EventDate "2021.10.24"]
[EventType "team-tourn"]
[EventRounds "9"]
[EventCountry "GER"]
[SourceTitle "EXT 2024"]
[Source "ChessBase"]
[SourceDate "2023.10.10"]
[SourceVersion "1"]
[SourceVersionDate "2023.10.10"]
[SourceQuality "1"]
[WhiteTeam "Schwandorf"]
[BlackTeam "Nuernberg NT II"]
[WhiteTeamCountry "GER"]
[BlackTeamCountry "GER"]

1. d4 Nf6 2. c4 c5 3. d5 b5 4. cxb5 a6 5. bxa6 g6 6. Nc3 Bxa6 7. g3 Bg7 8. Bg2 d6 9. Nf3 0-0 10. 0-0 Nfd7 11. Rb1 Nb6 12. Qc2 Nc4 13. Nd2 Qa5 14. Nxc4 Bxc4 15. Bd2 Nd7 16. b3 Ba6 17. a4 Rfb8 18. Na2 Qb6 19. Rfe1 Ne5 20. h3 Qa7 21. Bc3 Rb6 22. Kh2 Rab8 23. f4 Nd7 24. Bxg7 Kxg7 25. Qc3+ f6 26. b4 cxb4 27. Rxb4 Nc5 28. a5 Rb5 29. Reb1 Qc7 30. Rxb5 Bxb5 31. Qe3 Kf8 32. Nb4 Ra8 33. Ra1 Rxa5 34. Rxa5 Qxa5 35. Nc6 Qc7 36. Qd2 Bxc6 37. dxc6 Kg7 38. Qa2 e6 39. Qa8 d5 40. Bf3 h6 41. h4 h5 42. Qe8 Qd6 43. Qc8 e5 44. fxe5 fxe5 45. Bg2 e4 46. Bh3 g5 47. Qf5 gxh4 48. Qg5+ Kf8 49. Qxh4 Qxc6 50. Qxh5 Ke7 51. Qh7+ Kd8 52. Qg8+ Kc7 53. Qc8+ Kb6 54. Qb8+ Ka5 55. e3 Nd3 56. Qa7+ Kb4 57. Qa2 Qc4 58. Qb1+ Kc5 59. Bf1 Qc3 60. g4 Qd2+ 61. Bg2 Ne1 0-1

[Event "Landesliga Nord 1819"]
[Site "Bayern"]
[Date "2019.02.03"]
[Round "6.5"]
[White "Vogt, Thomas"]
[Black "Paar, Johannes"]
[Result "1/2-1/2"]
[WhiteElo "1912"]
[BlackElo "1977"]
[PlyCount "69"]
[EventDate "2018.10.21"]
[EventType "team-tourn"]
[EventRounds "9"]
[EventCountry "GER"]
[SourceTitle "EXT 2022"]
[Source "ChessBase"]
[SourceDate "2021.10.06"]
[SourceVersion "1"]
[SourceVersionDate "2021.10.06"]
[SourceQuality "1"]
[WhiteTeam "Wuerzburg"]
[BlackTeam "Schwandorf"]
[WhiteTeamCountry "GER"]
[BlackTeamCountry "GER"]

1. d4 Nf6 2. Nf3 e6 3. e3 b6 4. Bd3 Bb7 5. c4 Bb4+ 6. Bd2 Be7 7. Nc3 d5 8. cxd5 exd5 9. 0-0 0-0 10. Qc2 Nbd7 11. Rfd1 Re8 12. Ne5 c6 13. Rac1 g6 14. f4 Nxe5 15. fxe5 Nh5 16. Ne2 Qd7 17. Nf4 Ng7 18. Rf1 Rf8 19. Bc3 c5 20. Be2 Rae8 21. h3 Bh4 22. Be1 Bd8 23. Bg4 Qb5 24. a4 Qc6 25. Bf3 Qd7 26. Bg4 Qc6 27. Be2 a6 28. Bf3 Qd7 29. b3 Be7 30. Bg4 Qc6 31. Bf3 Qd7 32. Bg4 Qc6 33. Bf3 Qd7 34. Bg4 Qc6 35. Bf3 1/2-1/2

[Event "Regionalliga Nord-Ost 1718"]
[Site "Bayern"]
[Date "2017.12.10"]
[Round "4.6"]
[White "Paar, Johannes"]
[Black "Diehl, Achim"]
[Result "1-0"]
[WhiteElo "1975"]
[BlackElo "1940"]
[PlyCount "83"]
[EventDate "2017.10.22"]
[EventType "team-tourn"]
[EventRounds "9"]
[EventCountry "GER"]
[SourceTitle "EXT 2022"]
[Source "ChessBase"]
[SourceDate "2021.10.06"]
[SourceVersion "1"]
[SourceVersionDate "2021.10.06"]
[SourceQuality "1"]
[WhiteTeam "Schwandorf"]
[BlackTeam "Nuernberg Sued SW II"]
[WhiteTeamCountry "GER"]
[BlackTeamCountry "GER"]

1. Nf3 c6 2. g3 Nf6 3. Bg2 d5 4. 0-0 e6 5. b3 Be7 6. Bb2 0-0 7. d3 a5 8. Nbd2 a4 9. e4 a3 10. Bc3 Na6 11. Re1 Qb6 12. e5 Nd7 13. Bd4 Qa5 14. Nb1 Qc7 15. Bc3 b5 16. Bd2 b4 17. h4 Ndc5 18. Bg5 f6 19. Bf4 Qd8 20. Nbd2 Nc7 21. Nd4 Bd7 22. Bh3 f5 23. N2f3 h6 24. Qd2 Kh7 25. Kg2 Qe8 26. Rh1 Rb8 27. h5 Nb5 28. Nxb5 Rxb5 29. Nd4 Rb7 30. Rag1 Na6 31. g4 c5 32. Ne2 d4 33. g5 Bc6+ 34. f3 hxg5 35. Bxg5 Nc7 36. Bxe7 Qxe7 37. Nf4 Qd7 38. Ng6 Rd8 39. Kf2 Qd5 40. Bg2 Nb5 41. Qg5 Kg8 42. h6 1-0

[Event "Nittenau-ch 16th"]
[Site "Nittenau"]
[Date "2016.09.18"]
[Round "4"]
[White "Doll, Alexander"]
[Black "Paar, Johannes"]
[Result "0-1"]
[WhiteElo "1478"]
[BlackElo "1982"]
[PlyCount "60"]
[EventDate "2016.09.16"]
[EventType "swiss"]
[EventRounds "5"]
[EventCountry "GER"]
[SourceTitle "EXT 2022"]
[Source "ChessBase"]
[SourceDate "2021.10.06"]
[SourceVersion "1"]
[SourceVersionDate "2021.10.06"]
[SourceQuality "1"]

1. e4 c5 2. Nf3 d6 3. d4 cxd4 4. Qxd4 Nc6 5. Bb5 Bd7 6. Bxc6 bxc6 7. c4 e5 8. Qd3 Nf6 9. Nc3 h6 10. 0-0 Qc7 11. Rd1 Be7 12. b3 Rd8 13. Bb2 Bg4 14. Ne2 0-0 15. Ng3 Rfe8 16. h3 Bh5 17. Nf5 Bf8 18. g4 Bg6 19. Rd2 d5 20. N3h4 dxe4 21. Qc3 Rxd2 22. Qxd2 Rd8 23. Qc3 Bc5 24. Qxe5 Qb6 25. Nxh6+ Kh7 26. N6f5 Bxf2+ 27. Kh1 Bxh4 28. Nxh4 Qf2 29. g5 Nh5 30. Ng2 Rd2 0-1

[Event "Regionalliga NO 1516"]
[Site "Bayern"]
[Date "2015.12.13"]
[Round "4.6"]
[White "Diehl, Achim"]
[Black "Paar, Johannes"]
[Result "1/2-1/2"]
[WhiteElo "1981"]
[BlackElo "1976"]
[PlyCount "129"]
[EventDate "2015.10.11"]
[EventType "team-tourn"]
[EventRounds "9"]
[EventCountry "GER"]
[SourceTitle "EXT 2018"]
[Source "ChessBase"]
[SourceDate "2017.10.13"]
[SourceVersion "1"]
[SourceVersionDate "2017.10.13"]
[SourceQuality "1"]
[WhiteTeam "Nuernberg Sued SW II"]
[BlackTeam "Schwandorf"]
[WhiteTeamCountry "GER"]
[BlackTeamCountry "GER"]

1. e4 c5 2. Nf3 d6 3. d4 cxd4 4. Nxd4 Nf6 5. Nc3 g6 6. Bd3 Bg7 7. 0-0 Nc6 8. Nxc6 bxc6 9. Kh1 0-0 10. f4 Nd7 11. Qf3 Rb8 12. Nd1 Qa5 13. c3 Ba6 14. b4 Qb6 15. Bd2 Bxd3 16. Qxd3 Qb5 17. Qxb5 cxb5 18. a4 a5 19. axb5 axb4 20. Rb1 Rxb5 21. cxb4 Rc8 22. Ne3 Rbb8 23. Rfd1 Nf6 24. Nd5 Nxd5 25. exd5 Bc3 26. g3 Bxd2 27. Rxd2 Rb5 28. Rd4 Rc2 29. g4 h6 30. Kg1 Kg7 31. Rb3 g5 32. fxg5 hxg5 33. Re3 Kf6 34. h3 Rb2 35. Ree4 Rb8 36. Rd3 Rb7 37. Rf3+ Kg6 38. Rfe3 R2xb4 39. Rxe7 Rxe7 40. Rxe7 Rd4 41. Re8 Rxd5 42. Kf2 Kf6 43. Rh8 Re5 44. Rh6+ Ke7 45. h4 gxh4 46. Rxh4 d5 47. Kf3 Ke6 48. Rh8 f6 49. Re8+ Kd6 50. Rd8+ Ke7 51. Rc8 Re6 52. Kf4 Rd6 53. Ke3 Rd7 54. Kd4 Ke6 55. Rf8 Ke7 56. Ra8 Kf7 57. Rb8 Kg6 58. Rg8+ Kh6 59. Rh8+ Kg5 60. Rg8+ Kf4 61. Rg6 Rd6 62. g5 Kf5 63. Rxf6+ Rxf6 64. gxf6 Kxf6 65. Kxd5 1/2-1/2

[Event "Regionalliga NO 1516"]
[Site "Bayern"]
[Date "2015.11.15"]
[Round "3.6"]
[White "Paar, Johannes"]
[Black "Nehls, Benedikt"]
[Result "1-0"]
[WhiteElo "1976"]
[BlackElo "2013"]
[PlyCount "95"]
[EventDate "2015.10.11"]
[EventType "team-tourn"]
[EventRounds "9"]
[EventCountry "GER"]
[SourceTitle "EXT 2018"]
[Source "ChessBase"]
[SourceDate "2017.10.13"]
[SourceVersion "1"]
[SourceVersionDate "2017.10.13"]
[SourceQuality "1"]
[WhiteTeam "Schwandorf"]
[BlackTeam "Erlangen SC II"]
[WhiteTeamCountry "GER"]
[BlackTeamCountry "GER"]

1. d4 Nf6 2. c4 g6 3. Nc3 d5 4. Nf3 Bg7 5. Bg5 Ne4 6. Bf4 Nxc3 7. bxc3 c5 8. e3 Qa5 9. cxd5 cxd4 10. exd4 Qxd5 11. Be2 Nc6 12. 0-0 0-0 13. Qb3 Qxb3 14. axb3 Be6 15. b4 a6 16. Rfd1 Rfd8 17. b5 Nb8 18. Ng5 Bc8 19. Nf3 Bf5 20. Bxb8 Raxb8 21. bxa6 bxa6 22. Bxa6 Bg4 23. Rac1 Bxf3 24. gxf3 Rb6 25. Bf1 Rbd6 26. Re1 e6 27. Kg2 Rc8 28. Red1 Rcd8 29. f4 Bh6 30. Kg3 Bg7 31. Bg2 Kf8 32. Rb1 Rc8 33. Rb3 Ke7 34. Ra1 Rc7 35. Rb7 Rxb7 36. Bxb7 Rb6 37. Bf3 Rd6 38. Be4 Rd7 39. Ra3 Rc7 40. Kf3 h5 41. Ke3 Rd7 42. Bc6 Rc7 43. Ra6 Rc8 44. c4 Rb8 45. Ra7+ Kd6 46. Bb5 Rd8 47. Rxf7 Bh6 48. Ke4 1-0

[Event "Regionalliga NO 1516"]
[Site "Bayern"]
[Date "2015.10.11"]
[Round "1.6"]
[White "Paar, Johannes"]
[Black "Zuehlke, Burkhard"]
[Result "1-0"]
[WhiteElo "1976"]
[BlackElo "1957"]
[PlyCount "103"]
[EventDate "2015.10.11"]
[EventType "team-tourn"]
[EventRounds "9"]
[EventCountry "GER"]
[SourceTitle "EXT 2018"]
[Source "ChessBase"]
[SourceDate "2017.10.13"]
[SourceVersion "1"]
[SourceVersionDate "2017.10.13"]
[SourceQuality "1"]
[WhiteTeam "Schwandorf"]
[BlackTeam "Zirndorf"]
[WhiteTeamCountry "GER"]
[BlackTeamCountry "GER"]

1. d4 Nf6 2. c4 g6 3. Nc3 Bg7 4. e4 d6 5. Nf3 0-0 6. Be2 e5 7. 0-0 Nc6 8. d5 Ne7 9. Ne1 Nd7 10. f3 f5 11. Nd3 f4 12. b4 g5 13. c5 Nf6 14. b5 Ng6 15. Rb1 Rf7 16. cxd6 cxd6 17. b6 a6 18. Nf2 h5 19. Rb3 Bf8 20. Bd2 Rg7 21. h3 Nh8 22. Na4 Nf7 23. Ba5 Nh6 24. Rc3 g4 25. fxg4 hxg4 26. hxg4 Nhxg4 27. Bxg4 Nxg4 28. Nxg4 Bxg4 29. Qb3 Bd7 30. Rc7 Rb8 31. Nb2 Qg5 32. Rf2 Rh7 33. Nc4 Qh4 34. Kf1 Bg4 35. Rf3 Qh1+ 36. Kf2 Rh2 37. Rg3 Rh4 38. Rc3 f3 39. Ne3 fxg2 40. Nxg2 Bh6 41. Nxh4 Qxh4+ 42. Kg2 Bf4 43. Rg3 Kh8 44. Be1 Rg8 45. Rcc3 Bh3+ 46. Kg1 Bg4 47. Qa3 Qf6 48. Rg2 Qg6 49. Rh3+ Bxh3 50. Qxh3+ Qh7 51. Rxg8+ Kxg8 52. Qc8+ 1-0

[Event "Oberpfalz-ch M1"]
[Site "Schwandorf"]
[Date "2015.03.31"]
[Round "7"]
[White "Mueller, Johannes1111"]
[Black "Paar, Johannes"]
[Result "1-0"]
[WhiteElo "1826"]
[BlackElo "1971"]
[PlyCount "63"]
[EventDate "2015.03.28"]
[EventType "swiss"]
[EventRounds "8"]
[EventCountry "GER"]
[SourceTitle "EXT 2022"]
[Source "ChessBase"]
[SourceDate "2021.10.06"]
[SourceVersion "1"]
[SourceVersionDate "2021.10.06"]
[SourceQuality "1"]

1. d4 d5 2. c4 c6 3. Nf3 Nf6 4. Nc3 e6 5. Bg5 Be7 6. e3 0-0 7. Bd3 Nbd7 8. cxd5 cxd5 9. 0-0 a6 10. h3 Ne8 11. Bf4 Bd6 12. Qc2 f5 13. Rfc1 h6 14. h4 Ndf6 15. Na4 Ne4 16. Bxd6 N4xd6 17. Qb3 b5 18. Nc5 Kh8 19. Ne5 Kg8 20. a4 Nc4 21. Nc6 Qxh4 22. axb5 f4 23. exf4 Qxf4 24. Ne7+ Kf7 25. Ng6 Qxd4 26. Nxa6 Ned6 27. Nxf8 Bxa6 28. bxa6 Rxf8 29. Bxc4 Nxc4 30. Rxc4 dxc4 31. Qf3+ Kg8 32. Qxf8+ 1-0

[Event "Oberpfalz-ch M1"]
[Site "Schwandorf"]
[Date "2015.03.30"]
[Round "4"]
[White "Paar, Johannes"]
[Black "Ludwig, Franz"]
[Result "1-0"]
[WhiteElo "1971"]
[BlackElo "1979"]
[PlyCount "79"]
[EventDate "2015.03.28"]
[EventType "swiss"]
[EventRounds "8"]
[EventCountry "GER"]
[SourceTitle "EXT 2022"]
[Source "ChessBase"]
[SourceDate "2021.10.06"]
[SourceVersion "1"]
[SourceVersionDate "2021.10.06"]
[SourceQuality "1"]

1. d4 Nf6 2. c4 g6 3. Nc3 Bg7 4. e4 d6 5. f3 0-0 6. Be3 c5 7. d5 a6 8. Bd3 Nbd7 9. Nge2 Ne5 10. 0-0 e6 11. dxe6 Bxe6 12. b3 Nh5 13. Qd2 Rb8 14. Rad1 b5 15. cxb5 c4 16. Bc2 axb5 17. Qxd6 b4 18. Na4 Qxd6 19. Rxd6 Rfd8 20. Rfd1 Rxd6 21. Rxd6 Bf8 22. Rd1 c3 23. Nc5 Ra8 24. Nc1 Ng7 25. h3 Rc8 26. Na4 Nc6 27. Ne2 Ne8 28. f4 Rd8 29. Rxd8 Nxd8 30. Nc5 Bc8 31. g4 Nd6 32. Bd3 N8b7 33. Na4 f5 34. e5 Ne4 35. Bc4+ Kg7 36. Nb6 fxg4 37. Nxc8 gxh3 38. e6 Bc5 39. Bd4+ Bxd4+ 40. Nxd4 1-0